Responses for Show #6238 - Wednesday, November 2, 2011

2011 Tournament of Champions quarterfinal game 1.

Contestants

[<< previous game]

Charles Temple, a high school English teacher from Ocracoke, North Carolina

Jay Rhee, an oncologist from Annapolis, Maryland

Tom Nissley, a writer from Seattle, Washington

[next game >>]

Jeopardy! Round responses

THE RECONSTRUCTION ERA
(Alex: Followed by not PLAY BALL!, but...)
PAY BALL!
RANKS & TITLES
LITTLE PEOPLE IN LIT
AIRPORT CODES
YOU'RE A "CHAMP"!
    $200 21
Georgia

Charles
    $200 6
Babe Ruth

Charles
    $200 17
judge

Jay
    $200 7
(Tom: What is--what is... Lilliputia?)

Lilliput

TomJay
    $200 26
Virginia

Tom
    $200 1
the Champs-Élysées

Tom
    $400 20
carpetbaggers

Tom
    $400 8
Willie Mays

Charles
    $400 22
a viceroy

Jay
    $400 9
(Tom: What is... Charlie and the Chocolate Factory?)

Oompa Loompas

TomCharles
    $400 27
Heathrow

Jay
    $400 2
Champaign, Illinois

Tom
    $600 14
Johnson

Charles
    $600 11
David Ortiz

Tom
    $600 23
the doges

Charles
    $600 10
Nomes

Jay
    $600 28
(Alex: The city is Sydney; the three-letter code is [*].)

SYD

Triple Stumper
    $600 3
champing at the bit

Tom
    $800 18
(Jay: What is the... 15th?)
(Charles: What is the... 13th?)
...
(Alex: Hey, way to go! You knew it anyway, didn't you?)

the 14th

TomJayCharles
    $800 12
Nolan Ryan

Tom
    $800 24
(Charles: What is the Executioner?)

the Pooh-Bah

JayCharles
    $800 15
Owen Meany

Tom
    $800 29
(Charles: What is... DGL?)
...
(Alex: Charles de Gaulle, yes.)

CDG

JayCharles
    $800 4
(Jay: What is... This Championship Season?)

That Championship Season

TomJay
    $3,000 19
the Radical Republicans

Tom
    $1000 13
(Honus) Wagner

Jay
    $1000 25
the Cossacks

Charles
    $1000 16
Lannister

Charles
    $1000 30
(Alex: [*], Lima, yes.)

Peru

Jay
    $1000 5
Champollion

Jay

Scores at the first commercial break (after clue 15):

Tom Jay Charles
$3,600 $2,000 $1,600

Scores at the end of the Jeopardy! Round:

Tom Jay Charles
$8,000 $4,800 $2,000

Double Jeopardy! Round responses

MEN OF SCIENCE
TV WHO AM I
(Alex: You have to identify the character.)
BAD HEIR DAY
(Alex: Notice the spelling.)
THEIR ROMAN EQUIVALENTS
NOT OF GOOD CHARACTER
2011 NATIONAL SPELLING BEE WORDS
(Alex: But you do not have to spell the correct response.)
    $400 24
Richter

Charles
    $400 20
(Jay: Who is... uh... [*]...)
[The time expiry signal sounds.]
(Alex: Oh. We'll accept that; [*] [**] was her name. Go again.)

Carrie (Bradshaw)

Jay
    $400 16
David

Jay
    $400 1
(Jay: Uh, who is... Juno?)

Jupiter

JayCharles
    $400 6
impostor

Jay
    $400 28
the chassis

Tom
    $800 26
Nobel

Charles
    $800 21
Dexter

Charles
    $800 17
Robert the Bruce

Tom
    $800 2
Ulysses

Tom
    $800 12
a backstabber

Jay
    $800 29
(Charles: What is... prosciutto?)
(Jay: What is porchetta?)

pancetta

TomJayCharles
    $2,000 9
(Niels) Bohr

Jay
    $1200 22
Coach

Tom
    $1200 18
[Charles chuckles at the response.]

Rogaine

Jay
    $1200 3
Diana

Charles
    $1200 13
a hooligan

Charles
    $1200 30
(Jay: What is a... bloodworm?)

leech

Jay
Triple Stumper
    $1600 8
(Charles: Who is... Volta?)

Luigi Galvani

Charles
Triple Stumper
    $1600 7
(Alex: And that would be [*] on Parks and Recreation, that series.)

Ron

Triple Stumper
    $2,000 11
Archduke (Franz) Ferdinand

Jay
    $1600 4
Ceres

Charles
    $1600 14
(Jay: What is a... recanter?)
...
(Alex: That's why the "RE" in quotation marks.)

a renegade

Jay
Triple Stumper
    $1600 10
(Tom: What is... gaucho?)
(Charles: What is caballero?)

vaquero

TomCharles
Triple Stumper
    $2000 25
(Georg) Ohm

Tom
    $2000 23
(Alex: And the name is [*]; Battlestar Galactica.)

Starbuck

Triple Stumper
    $2000 19
Barcelona

Jay
    $2000 5
(Charles: Who is... uh... [The time expiry signal sounds.] Uranus?)

Saturn

TomCharles
    $2000 15
"the Moocher"

Tom
    $2000 27
(Charles: What is hibachi?)

teppanyaki

JayCharles

Scores at the end of the Double Jeopardy! Round:

Tom Jay Charles
$16,400 $12,000 $400

Final Jeopardy! Round responses

WORLD CITIES
(Alex: Charles, we come to you first. Not a good day in school for you today, but let's see.)
CharlesWhat is Oslo?
$115
JayWhat is Riga?
$4,401
TomWhat is Riga?
$3
Riga

Final scores:

Tom Jay Charles
$16,403 $16,401 $285
Automatic semifinalist 2nd place: $5,000 if eliminated 3rd place: $5,000 if eliminated

Game dynamics:

Coryat scores:

Tom Jay Charles
$14,400 $10,800 $400
19 R
(including 1 DD),
3 W
19 R
(including 2 DDs),
6 W
15 R,
8 W

Combined Coryat: $25,600

[game clues] [game scores] [suggest correction]

Game tape date: 2011-09-26
The J! Archive is created by fans, for fans. Scraping, republication, monetization, and malicious use prohibited; this site may use cookies and collect identifying information. See terms. The Jeopardy! game show and all elements thereof, including but not limited to copyright and trademark thereto, are the property of Jeopardy Productions, Inc. and are protected under law. This website is not affiliated with, sponsored by, or operated by Jeopardy Productions, Inc. Join the discussion at JBoard.tv.